000 00441nam a2200193Ia 4500
005 20250425161251.0
008 250425s9999 xx 000 0 und d
041 _aspa
082 _a720.9
245 0 _aLA ARQUITECTURA Y LA COMUNIDAD
250 _a1A ED.
260 _aMEXICO
260 _aMéxico
_bLIMUSA
_c1988
300 _a203
650 _aARQUITECTURA
650 _aDISEÑO ARQUITECTONICO
942 _c01
010 _a16496
999 _c205780
_d205780